000 00562nam a2200193Ia 4500
005 20250326140551.0
008 250326s9999 xx 000 0 und d
020 _a0-7456-1800-6
037 _aTextbook
040 _aFMSL
_beng
_cFMSL
041 _aeng
_2eng
084 _aWy7 N9
_qFMSL
100 _aGuibernau M
_9742590
245 0 _aNations without states: Political communities in a global age
_cGuibernau M
260 _aUnited Kingdom
_bUnited Kingdom, Ploity
_c1999
300 _a216p
942 _cTB
_hWy7 N9
999 _c1286349
_d1286349